000 00760nam a2200217 a 4500
001 20419
003 CO-ViMGA
008 141112s2004 ck r 000 u spa d
020 _a9681644344
040 _aCO-ViMGA
_bspa
_cCO-ViMGA
082 0 4 _a897 D181h
100 1 _aDávalos, Felipe il.; Alonso, Amparo
_929468
245 1 0 _ahijos de la primavera :
_bvida y palabras de los indios de América
260 _aMexico :
_bFondo de cultura económica,
_c1995
300 _a237p
590 _aForma de adquisición : Donación - - Precio : 15000 - - Fecha de adquisición : Marzo 2006
650 1 4 _aINDIGENAS - HISTORIA
_929469
650 1 4 _aINDIGENAS - RELIGIÓN Y MITOLOGÍA
_929470
650 1 4 _aINDIGENAS - VIDA SOCIAL Y COSTUMBRES
_929471
942 _2ddc
_cBK
999 _c2972
_d2972